Statistics for What country has...

Click here to take the quiz!

General Stats

  • This quiz has been taken 13 times
  • The average score is 6 of 15

Answer Stats

QuestionAnswer% Correct
What country is the largest island?Greenland (Denmark)
85%
Which has a longer coastline?Norway
69%
Which suffers more snakebites every year?India
62%
What country has the most lakes?Finland
54%
What country has the biggest population?Brazil
46%
What country has been visited most by me?France
46%
What country has the highest average salary?Ireland
46%
What country has the most oversea territories?France
38%
What country has the highest average temperature?Mali
38%
What country has the most borders?Poland
38%
What country has the most states/provinces?Philipines
23%
What country has more tourists per year?Turkey
23%
What country has the most letters in their alphabet?Cambodia
15%
What country has the most rainfall per year?Colombia
15%
What country has the most births per year?Uganda
15%

Score Distribution

Percentile by Number Answered

Percent of People with Each Score

Your Score History

You have not taken this quiz